STACS 97 14th Annual Symposium on Theoretical Aspects of Computer Science, Lübeck, Germany, February 27 - March 1, 1997 Proceedings /

This book constitutes the refereed proceedings of the 14th Annual Symposium on Theoretical Aspects of Computer Science, STACS 97, held in Lübeck, Germany, in February/March 1997. The 46 revised full papers included were carefully selected from a total of 139 submissions; also included are three inv...

Full description

Bibliographic Details
Corporate Author: SpringerLink (Online service)
Other Authors: Reischuk, Rüdiger (Editor, http://id.loc.gov/vocabulary/relators/edt), Morvan, Michel (Editor, http://id.loc.gov/vocabulary/relators/edt)
Format: Electronic eBook
Language:English
Published: Berlin, Heidelberg : Springer Berlin Heidelberg : Imprint: Springer, 1997.
Edition:1st ed. 1997.
Series:Lecture Notes in Computer Science, 1200
Subjects:
Online Access:Full Text via HEAL-Link
LEADER 06116nam a2200577 4500
001 978-3-540-68342-1
003 DE-He213
005 20191028101717.0
007 cr nn 008mamaa
008 121227s1997 gw | s |||| 0|eng d
020 |a 9783540683421  |9 978-3-540-68342-1 
024 7 |a 10.1007/BFb0023443  |2 doi 
040 |d GrThAP 
050 4 |a QA75.5-76.95 
050 4 |a QA76.63 
072 7 |a UY  |2 bicssc 
072 7 |a COM014000  |2 bisacsh 
072 7 |a UY  |2 thema 
072 7 |a UYA  |2 thema 
082 0 4 |a 004.0151  |2 23 
245 1 0 |a STACS 97  |h [electronic resource] :  |b 14th Annual Symposium on Theoretical Aspects of Computer Science, Lübeck, Germany, February 27 - March 1, 1997 Proceedings /  |c edited by Rüdiger Reischuk, Michel Morvan. 
250 |a 1st ed. 1997. 
264 1 |a Berlin, Heidelberg :  |b Springer Berlin Heidelberg :  |b Imprint: Springer,  |c 1997. 
300 |a XV, 621 p.  |b online resource. 
336 |a text  |b txt  |2 rdacontent 
337 |a computer  |b c  |2 rdamedia 
338 |a online resource  |b cr  |2 rdacarrier 
347 |a text file  |b PDF  |2 rda 
490 1 |a Lecture Notes in Computer Science,  |x 0302-9743 ;  |v 1200 
505 0 |a Unifying models -- Predecessor queries in dynamic integer sets -- Semi-dynamic shortest paths and breadth-first search in digraphs -- Greibach normal form transformation, revisited -- Translating regular expressions into small ?-free nondeterministic finite automata -- Memory management for Union-Find algorithms -- Fast online multiplication of real numbers -- The operators min and max on the polynomial hierarchy -- Resource-bounded kolmogorov complexity revisited -- Las Vegas versus determinism for one-way communication complexity, finite automata, and polynomial-time computations -- Interactive proof systems with public coin: Lower space bounds and hierarchies of complexity classes -- MODp-tests, almost independence and small probability spaces -- Hybrid diagrams: A deductive-algorithmic approach to hybrid system verification -- Temporal logics for the specification of performance and reliability -- Efficient scaling-invariant checking of timed bisimulation -- Gossiping and broadcasting versus computing functions in networks -- On the descriptive and algorithmic power of parity ordered binary decision diagrams -- A reducibility concept for problems defined in terms of ordered binary decision diagrams -- On the classification of computable languages -- A conditional-logical approach to minimum cross-entropy -- Undecidability results on two-variable logics -- Methods and applications of (max,+) linear algebra -- Regular expressions and context-free grammars for picture languages -- Measuring nondeterminism in pushdown automata -- On polynomially D verbose sets -- A downward translation in the polynomial hierarchy -- Strict sequential P-completeness -- An unambiguous class possessing a complete set -- Deadlock-free interval routing schemes -- Power consumption in packet radio networks -- The complexity of generating test instances -- Efficient constructions of Hitting Sets for systems of linear functions -- Protocols for collusion-secure asymmetric fingerprinting -- Minimal transition systems for history-preserving bisimulation -- On ergodic linear cellular automata over Zm -- Intrinsic universality of a 1-dimensional reversible Cellular Automaton -- The computational complexity of some problems of linear algebra -- Algebraic and logical characterizations of deterministic linear time classes -- Finding the k shortest paths in parallel -- Sequential and parallel algorithms on compactly represented chordal and strongly chordal graphs -- Distance approximating spanning trees -- A better upper bound on the bisection width of de Bruijn networks -- An information-theoretic treatment of random-self-reducibility -- Equivalence of measures of complexity classes -- Better algorithms for minimum weight vertex-connectivity problems -- RNC-approximation algorithms for the steiner problem -- Pattern matching in trace monoids -- Removing ?-transitions in timed automata -- Probabilistic proof systems - A survey. 
520 |a This book constitutes the refereed proceedings of the 14th Annual Symposium on Theoretical Aspects of Computer Science, STACS 97, held in Lübeck, Germany, in February/March 1997. The 46 revised full papers included were carefully selected from a total of 139 submissions; also included are three invited full papers. The papers presented span the whole scope of theoretical computer science. Among the topics covered are, in particular, algorithms and data structures, computational complexity, automata and formal languages, structural complexity, parallel and distributed systems, parallel algorithms, semantics, specification and verification, logic, computational geometry, cryptography, learning and inductive inference. 
650 0 |a Computers. 
650 0 |a Computer programming. 
650 0 |a Programming languages (Electronic computers). 
650 0 |a Computer science-Mathematics. 
650 1 4 |a Theory of Computation.  |0 http://scigraph.springernature.com/things/product-market-codes/I16005 
650 2 4 |a Programming Techniques.  |0 http://scigraph.springernature.com/things/product-market-codes/I14010 
650 2 4 |a Programming Languages, Compilers, Interpreters.  |0 http://scigraph.springernature.com/things/product-market-codes/I14037 
650 2 4 |a Discrete Mathematics in Computer Science.  |0 http://scigraph.springernature.com/things/product-market-codes/I17028 
700 1 |a Reischuk, Rüdiger.  |e editor.  |4 edt  |4 http://id.loc.gov/vocabulary/relators/edt 
700 1 |a Morvan, Michel.  |e editor.  |4 edt  |4 http://id.loc.gov/vocabulary/relators/edt 
710 2 |a SpringerLink (Online service) 
773 0 |t Springer eBooks 
776 0 8 |i Printed edition:  |z 9783662186329 
776 0 8 |i Printed edition:  |z 9783540626169 
830 0 |a Lecture Notes in Computer Science,  |x 0302-9743 ;  |v 1200 
856 4 0 |u https://doi.org/10.1007/BFb0023443  |z Full Text via HEAL-Link 
912 |a ZDB-2-SCS 
912 |a ZDB-2-LNC 
912 |a ZDB-2-BAE 
950 |a Computer Science (Springer-11645)